000 00989cam a22003011 4500
999 _c26017
_d26017
001 10241523
005 20170201162601.0
008 750410s1951 xx 000 0 eng
010 _a 51002072
035 _a(OCoLC)1265791
040 _aDLC
_cFO
_dDLC
050 0 0 _aNC730
_b.G5
100 1 _aGillen, Michael,
_d1911-
245 0 0 _aDrawing, painting & sculpture from models :
_cby Michael Gillen, Herbert Kallem [and] Henry Kallem.
260 _aNew York :
_bStravon,
_c1951.
300 _a95 p. :
_billus. ;
_c29 cm.
650 0 _aDrawing
_xStudy and teaching.
650 0 _aPainting
_xTechnique.
650 0 _aSculpture
_xTechnique.
700 1 _aKallem, Herbert,
_d1909-1994
700 1 _aKallem, Henry.
906 _a7
_bcbc
_coclcrpl
_du
_encip
_f19
_gy-gencatlg
942 _2lcc
_cBOOKS
_hNC 730 .G5 1951